| 000 | 00787nam a22002897a 4500 | ||
|---|---|---|---|
| 003 | UA-OsUOA | ||
| 001 | 25938 | ||
| 007 | ta | ||
| 008 | 20040430b un ||||| |||| 00| 0 ukr d | ||
| 100 | _aАвер'янов А.П. | ||
| 700 | _aГольдберг Н.М. | ||
| 700 | _aМолок О.І. | ||
| 700 | _aОрлов В.О. | ||
| 090 |
_a371.3 _bА19 |
||
| 942 | _cBK | ||
| 040 |
_aUA-OsUOA _bukr _cUA-OsUOA _dUA-OsUOA |
||
| 245 | _aМетодичний посібник з нової історії для ІХ класу | ||
| 300 | _a280 с. | ||
| 955 | _a0 | ||
| 041 | _aukr | ||
| 080 | _a371.3 | ||
| 260 |
_aКиїв _bРадянська школа _c1958 |
||
| 044 | _aUA | ||
| 250 | _n2-е вид., доп. і перероб. | ||
| 650 | 7 | _2UDC | |
| 999 |
_c312243 _d312243 |
||